| 000 | 00907nam a2200265 4500 | ||
|---|---|---|---|
| 001 | 393 | ||
| 003 | OSt | ||
| 005 | 20250409083507.0 | ||
| 008 | 250409b |||||||b |||| 00| 1 eng d | ||
| 020 | _a9788536648224 | ||
| 040 | _bpor | ||
| 041 | _hpor | ||
| 082 |
_aI 028.5 _bR696p |
||
| 100 |
_aRodrigues, Cláudia Vasconcelos _9827 |
||
| 245 |
_aAs peripécias de Florbela / _cRodrigues, Cláudia Vasconcelos ; Ilustrações de Miguel Muniz Faleira Neto |
||
| 260 |
_aSão Paulo _bScortecci Editora _c2016 |
||
| 300 |
_a31 p. _bil. |
||
| 520 | _aA mensagem deste livro vem do desejo de mostrar o puro e inalterável amor canino que a doce Florbela Charlotte trouxe para nossas vidas. | ||
| 650 | 0 |
_aLiteratura Brasileira _9205 |
|
| 650 | 0 |
_aInfantil _9535 |
|
| 650 | 0 |
_aAmor canino _9828 |
|
| 655 | 0 |
_aLivro Infantil _9568 |
|
| 700 |
_aNeto, Miguel Muniz Faleira _eILUSTRADOR _9829 |
||
| 942 |
_2ddc _n0 _cBK |
||
| 999 |
_c393 _d393 |
||